000 00960nmc a2200337 a 4500
003 AR-BaBNM
005 20251128203848.0
008 011101s1979 ||||||||||||||000 | spa||
040 _cAR-BaBNM
245 1 0 _aSituaciones en la enseñanza
_bconversación y discusión. 1
260 _aBuenos Aires
_bKapelusz
_c1979
300 _a103 p.
490 0 _aBiblioteca de cultura de pedagógica
_vv. 169
504 _aContiene bibliografía
650 4 _aFORMACION PROFESIONAL
650 4 _aMETODOS DE ENSENANZA
650 4 _aPROCESO DE APRENDIZAJE
650 4 _aPRACTICA DOCENTE
650 4 _aOBJETIVOS EDUCACIONALES
650 4 _aROL DEL DOCENTE
650 4 _aTECNICAS DE ENSENANZA
650 4 _aDINAMICA DE GRUPO
650 4 _aTECNICAS DIDACTICAS
650 4 _aFORMADORES DE DOCENTES
700 1 _aBecker, Georg E.
700 1 _aBilek, Renate
700 1 _aClemens-Lodde, Beate
700 1 _aKöhl, Karl
942 _cBK
998 _cGrace
999 _c5231
_d5231